<?xml version='1.0' encoding='UTF-8'?>
  <record xmlns="http://www.loc.gov/MARC21/slim">
    <leader>00000cam a22000007i 4500</leader>
    <controlfield tag="001">ocm67824778</controlfield>
    <controlfield tag="003">OCoLC</controlfield>
    <controlfield tag="005">20250829221342.2</controlfield>
    <controlfield tag="008">991007m17901792ne            000 0 dut d</controlfield>
    <datafield tag="040" ind1=" " ind2=" ">
      <subfield code="a">NLGGC</subfield>
      <subfield code="b">dut</subfield>
      <subfield code="e">fobidrtb</subfield>
      <subfield code="c">NLGGC</subfield>
    </datafield>
    <datafield tag="029" ind1="0" ind2=" ">
      <subfield code="a">NLGGC</subfield>
      <subfield code="b">186040016</subfield>
    </datafield>
    <datafield tag="035" ind1=" " ind2=" ">
      <subfield code="a">(OCoLC)67824778</subfield>
    </datafield>
    <datafield tag="245" ind1="0" ind2="0">
      <subfield code="a">Placaat /</subfield>
      <subfield code="c">De Staaten van Holland en Westvriesland.</subfield>
    </datafield>
    <datafield tag="246" ind1="3" ind2=" ">
      <subfield code="a">Placaat De Staaten van Holland en Westvriesland</subfield>
    </datafield>
    <datafield tag="260" ind1=" " ind2=" ">
      <subfield code="a">In 'sGravenhaage :</subfield>
      <subfield code="b">by Isaac Scheltus,</subfield>
      <subfield code="c">1790-1792.</subfield>
    </datafield>
    <datafield tag="300" ind1=" " ind2=" ">
      <subfield code="a">7 stk. (1 bd.) ;</subfield>
      <subfield code="c">4-o.</subfield>
    </datafield>
    <datafield tag="336" ind1=" " ind2=" ">
      <subfield code="a">tekst</subfield>
      <subfield code="b">txt</subfield>
      <subfield code="2">rdacontent/dut</subfield>
    </datafield>
    <datafield tag="337" ind1=" " ind2=" ">
      <subfield code="a">zonder medium</subfield>
      <subfield code="b">n</subfield>
      <subfield code="2">rdamedia/dut</subfield>
    </datafield>
    <datafield tag="338" ind1=" " ind2=" ">
      <subfield code="a">band</subfield>
      <subfield code="b">nc</subfield>
      <subfield code="2">rdacarrier/dut</subfield>
    </datafield>
    <datafield tag="500" ind1=" " ind2=" ">
      <subfield code="a">I. De verhaaste introductie der heffing van de gemeene middelen by collecte in 1750. II. Ordonnantie op het heeren en redemtiegeld. III. Ordonnantie op de koffy en thee. IV. Ordonnantie op den impost van de karossen, kalessen, wagens, chaises en paarden, mitsgaders van de jagten en speelschuiten. V. Ordonnantie van den impost op de consumtie, zoo van rook- als snuyf-tabak. VI. Ordonnantie op het veergeld. VII. Ordonnantie op het beestiaal.</subfield>
    </datafield>
    <datafield tag="710" ind1="2" ind2=" ">
      <subfield code="a">Holland.</subfield>
      <subfield code="b">Staaten van Holland en Westvriesland.</subfield>
    </datafield>
    <datafield tag="776" ind1="0" ind2=" ">
      <subfield code="t">Placaat De Staaten van Holland en Westvriesland</subfield>
      <subfield code="w">(NL-LeOCL)426153472</subfield>
    </datafield>
    <datafield tag="936" ind1=" " ind2=" ">
      <subfield code="a">BATCHLOAD</subfield>
    </datafield>
  </record>